000
00266nam a22001217a 4500
040
_c
SK
082
_a
332
100
_a
ASTRID AAFJES
245
_a
Credit needs and the credit providers in the rural areas
260
_a
CCRD
_b
AST
_c
1996
300
_a
7p.
942
_c
EK
999
_c
9943
_d
9943